[Event "Wch Seniors 23rd 2013"]
[Site "Rijeka"]
[Date "2013.11.15"]
[Round "4.60"]
[White "Acosta, Mariano"]
[Black "Jackson, Oliver A"]
[Result "1/2-1/2"]
[WhiteElo "1978"]
[BlackElo "2154"]
[PlyCount "111"]
[EventDate "2013.11.12"]

1. d4 Nf6 2. Nf3 c5 3. c3 e6 4. Bg5 Be7 5. Nbd2 O-O 6. e4 cxd4 7. cxd4 b6 8.
Bxf6 Bxf6 9. e5 Be7 10. Bd3 Bb7 11. O-O Na6 12. Be4 Bxe4 13. Nxe4 Nc7 14. Nc3
d5 15. Rc1 Rc8 16. Qd3 Qd7 17. g3 b5 18. b3 h6 19. Kg2 Ba3 20. Rce1 a6 21. Nb1
Be7 22. Ng1 b4 23. f4 Qb5 24. Qd2 Qb6 25. Nf3 Nb5 26. Rc1 Qb7 27. Ng1 Rxc1 28.
Rxc1 Rc8 29. Rxc8+ Qxc8 30. Ne2 a5 31. Qd3 Qc6 32. Kf2 Bd8 33. Ke1 Bb6 34. Kd1
Nc7 35. Nd2 g6 36. Nf3 Nb5 37. Qc2 Qd7 38. Qd3 Ba7 39. g4 Kg7 40. Kd2 Nc7 41.
Ng3 Nb5 42. f5 Nc3 43. Qc2 Bb6 44. f6+ Kg8 45. h4 Qc7 46. Kd3 a4 47. h5 g5 48.
Qd2 Nxa2 49. Qxa2 Qc3+ 50. Ke2 a3 51. Nf1 Bxd4 52. Nxd4 Qxd4 53. Qc2 Qxe5+ 54.
Ne3 d4 55. Qc8+ Kh7 56. Qc2+ 1/2-1/2

[Event "Wch Seniors 23rd 2013"]
[Site "Rijeka"]
[Date "2013.11.15"]
[Round "4.63"]
[White "Gonzalez Pabollet, Jesus Maria"]
[Black "Pritchett, Craig W"]
[Result "0-1"]
[WhiteElo "1970"]
[BlackElo "2359"]
[PlyCount "126"]
[EventDate "2013.11.12"]

1. b3 Nf6 2. Bb2 e6 3. Nf3 c5 4. e3 b6 5. Be2 Be7 6. O-O O-O 7. Ne5 Bb7 8. f4
d6 9. Bf3 Qc7 10. Bxb7 Qxb7 11. Qf3 Qxf3 12. Nxf3 Nc6 13. a3 b5 14. h3 a5 15.
d3 Nd5 16. Kf2 Rfb8 17. Nbd2 a4 18. g3 f6 19. Rfb1 Nb6 20. Ke2 Kf7 21. c4 axb3
22. cxb5 Nd8 23. Ne4 Na4 24. Nc3 Nxc3+ 25. Bxc3 Rxb5 26. a4 Rb7 27. Nd2 Rab8
28. Ra3 b2 29. Ra2 Nc6 30. Raxb2 Rxb2 31. Rxb2 Rxb2 32. Bxb2 Bd8 33. Bc3 Ke7
34. Kd1 Kd7 35. Kc2 d5 36. Nb3 Bb6 37. a5 Ba7 38. d4 c4 39. Nc5+ Bxc5 40. dxc5
Nb8 41. g4 Kc6 42. Bd4 Na6 43. h4 Nxc5 44. h5 Nd7 45. g5 fxg5 46. fxg5 e5 47.
Bc3 g6 48. hxg6 hxg6 49. Kd1 Kb5 50. Kc2 Kc5 51. Be1 Nb8 52. e4 d4 53. Bg3 Nc6
54. Kb2 Kb5 55. Be1 Nxa5 56. Bd2 Nc6 57. Be1 Nb4 58. Bg3 c3+ 59. Kb3 Nd3 60.
Bh2 Nc5+ 61. Kc2 Kc4 62. Bxe5 d3+ 63. Kd1 c2+ 0-1

[Event "Wch Seniors 23rd 2013"]
[Site "Rijeka"]
[Date "2013.11.15"]
[Round "4.64"]
[White "Malmdin, Nils-Ake"]
[Black "Mortensen, Steen Juul"]
[Result "1-0"]
[WhiteElo "2191"]
[BlackElo "1999"]
[PlyCount "49"]
[EventDate "2013.11.12"]

1. e4 e5 2. Nf3 Nc6 3. Nc3 Nf6 4. a3 d5 5. Bb5 d4 6. Ne2 Bd7 7. d3 Bd6 8. Ng3
g6 9. h3 Qe7 10. Bd2 Nd8 11. Bc4 Be6 12. b4 c6 13. O-O Bxc4 14. dxc4 Ne6 15.
Re1 O-O 16. Bh6 Rfe8 17. c5 Bc7 18. Nh4 Nxe4 19. Rxe4 f5 20. Nhxf5 gxf5 21.
Nxf5 Qf6 22. Qh5 Kh8 23. Nd6 Bxd6 24. cxd6 Nf8 25. Bxf8 1-0

[Event "Wch Seniors 23rd 2013"]
[Site "Rijeka"]
[Date "2013.11.15"]
[Round "4.65"]
[White "Sasu-Ducsoara, Adrian-Florian"]
[Black "Hocevar, Nikola"]
[Result "1/2-1/2"]
[WhiteElo "2176"]
[BlackElo "1996"]
[PlyCount "109"]
[EventDate "2013.11.12"]

1. e4 c5 2. b3 Nc6 3. Bb2 d6 4. f4 e6 5. Nf3 Nf6 6. Nc3 Be7 7. Bb5 O-O 8. e5
Nd5 9. Bxc6 bxc6 10. exd6 Bf6 11. g3 Ba6 12. Ne5 Bxe5 13. fxe5 f6 14. Ne4 fxe5
15. Qg4 Rf5 16. O-O-O h5 17. Qh3 Be2 18. Rde1 Bg4 19. Qg2 Bf3 20. Qh3 Bxh1 21.
Rxh1 Nf6 22. d3 Nxe4 23. dxe4 Qg5+ 24. Kb1 Rf6 25. Rd1 Rd8 26. Qg2 Rd7 27. Qe2
Qg4 28. Qxg4 hxg4 29. Bxe5 Rf2 30. Bf4 Re2 31. e5 g5 32. Bxg5 Rxe5 33. Be7 Kf7
34. Rf1+ Rf5 35. Re1 Rxe7 36. dxe7 Kxe7 37. Re4 Rf2 38. Rxg4 Rxh2 39. Rg7+ Kf6
40. Rxa7 Rg2 41. Ra5 c4 42. Rc5 cxb3 43. axb3 Rxg3 44. Rxc6 Ke5 45. b4 Kd5 46.
b5 e5 47. c4+ Kd4 48. Kc2 e4 49. b6 Rg2+ 50. Kb3 Rg1 51. Kb2 Rg2+ 52. Ka3 Rg1
53. b7 Rb1 54. Rc7 e3 55. Re7 1/2-1/2

[Event "Wch Seniors 23rd 2013"]
[Site "Rijeka"]
[Date "2013.11.15"]
[Round "4.67"]
[White "Trtanj, Zoran"]
[Black "Falk, Thomas"]
[Result "1/2-1/2"]
[WhiteElo "1986"]
[BlackElo "2131"]
[PlyCount "42"]
[EventDate "2013.11.12"]

1. d4 d5 2. c4 dxc4 3. Nc3 c5 4. d5 Nf6 5. Nf3 e6 6. e4 exd5 7. e5 Nfd7 8. Bg5
Be7 9. Bxe7 Qxe7 10. Nxd5 Qd8 11. Bxc4 O-O 12. Qc2 Qa5+ 13. Kf1 Nc6 14. Qe4 Re8
15. Ng5 Nf8 16. Nf6+ gxf6 17. Bxf7+ Kh8 18. Bxe8 fxg5 19. Bxc6 Qa6+ 20. Kg1
Qxc6 21. Qxc6 bxc6 1/2-1/2

[Event "Wch Seniors 23rd 2013"]
[Site "Rijeka"]
[Date "2013.11.15"]
[Round "4.68"]
[White "Marks, Ian A"]
[Black "Hjertenes, Oystein"]
[Result "1/2-1/2"]
[WhiteElo "1948"]
[BlackElo "2102"]
[PlyCount "48"]
[EventDate "2013.11.12"]

1. d4 g6 2. e4 Bg7 3. Nc3 c6 4. Nf3 d5 5. h3 dxe4 6. Nxe4 Nf6 7. Bd3 Nxe4 8.
Bxe4 Nd7 9. O-O Nf6 10. Bd3 O-O 11. Re1 e6 12. c3 b6 13. Ne5 Bb7 14. Bg5 Qc7
15. Bf4 Qc8 16. Qe2 Rd8 17. Rad1 c5 18. dxc5 Qxc5 19. Nxf7 Kxf7 20. Qxe6+ Kf8
21. Bh6 Ng8 22. Bxg7+ Kxg7 23. Bc4 Qc6 24. Qf7+ Kh8 1/2-1/2

[Event "Wch Seniors 23rd 2013"]
[Site "Rijeka"]
[Date "2013.11.15"]
[Round "4.69"]
[White "Baumgarten, Werner"]
[Black "Hedin, Gunnar"]
[Result "0-1"]
[WhiteElo "1943"]
[BlackElo "2100"]
[PlyCount "60"]
[EventDate "2013.11.12"]

1. d4 f5 2. c4 Nf6 3. Nc3 e6 4. Bg5 Bb4 5. Qc2 h6 6. Bd2 O-O 7. a3 Bxc3 8. Bxc3
Ne4 9. Bb4 d6 10. a4 c5 11. dxc5 dxc5 12. Rd1 Qf6 13. Ba3 Nc6 14. Nf3 b6 15. e3
Bb7 16. Be2 Rf7 17. O-O e5 18. Ne1 Ng5 19. b3 f4 20. exf4 Qxf4 21. Bh5 Rf6 22.
Bc1 Qh4 23. Qe2 Nd4 24. Qg4 Qxg4 25. Bxg4 Nxb3 26. Bxg5 hxg5 27. Nf3 e4 28.
Nxg5 Nd4 29. g3 Bc6 30. Ra1 Nc2 0-1

[Event "Wch Seniors 23rd 2013"]
[Site "Rijeka"]
[Date "2013.11.15"]
[Round "4.70"]
[White "Belokopyt, Boris"]
[Black "Batakovs, Olegs"]
[Result "0-1"]
[WhiteElo "1942"]
[BlackElo "2075"]
[PlyCount "80"]
[EventDate "2013.11.12"]

1. e4 c5 2. Nf3 e6 3. Nc3 Nc6 4. Bb5 d6 5. Bxc6+ bxc6 6. O-O e5 7. h3 Ne7 8. d3
Ng6 9. Ne2 Be7 10. Ng3 O-O 11. c3 Nh4 12. Nxh4 Bxh4 13. Nf5 Bxf5 14. exf5 Bg5
15. f4 exf4 16. Qf3 d5 17. Bxf4 Bxf4 18. Qxf4 Qf6 19. Rae1 Rfe8 20. Qf2 d4 21.
c4 h6 22. Re2 Rxe2 23. Qxe2 Kf8 24. Qd2 Re8 25. b4 cxb4 26. Qxb4+ Qe7 27. Qxe7+
Rxe7 28. f6 Re3 29. fxg7+ Kxg7 30. Rf3 Rxf3 31. gxf3 h5 32. h4 Kf6 33. Kf2 Ke5
34. Kg3 f5 35. f4+ Kd6 36. Kf3 Kc5 37. Ke2 Kb4 38. Kd2 Ka3 39. Kc2 Kxa2 40. Kc1
Kb3 0-1

[Event "Wch Seniors 23rd 2013"]
[Site "Rijeka"]
[Date "2013.11.15"]
[Round "4.71"]
[White "Stull, Norbert"]
[Black "Cao, Jorge"]
[Result "1/2-1/2"]
[WhiteElo "2075"]
[BlackElo "1990"]
[PlyCount "124"]
[EventDate "2013.11.12"]

1. Nf3 Nf6 2. c4 d6 3. Nc3 e5 4. d4 exd4 5. Nxd4 Be7 6. e4 O-O 7. Be2 Nc6 8.
Be3 Re8 9. O-O Nd7 10. Qd2 Bf6 11. Rad1 Nde5 12. Nd5 Ng4 13. Bxg4 Bxg4 14. f3
Be6 15. b3 Bxd5 16. cxd5 Nxd4 17. Bxd4 Bxd4+ 18. Qxd4 Qd7 19. Rc1 c5 20. dxc6
bxc6 21. Rfd1 Red8 22. e5 d5 23. f4 Rac8 24. b4 Qb7 25. Rc5 a6 26. Rd3 g6 27.
Rg3 Qd7 28. Qd3 Rb8 29. a3 Rb5 30. Rxb5 cxb5 31. f5 Qa7+ 32. Kf1 Rc8 33. fxg6
Rc1+ 34. Ke2 hxg6 35. Qxd5 Rc2+ 36. Kd1 Qf2 37. Qd8+ Kg7 38. Qf6+ Kf8 39. Qxf2
Rxf2 40. e6 fxe6 41. Rxg6 Kf7 42. Rg3 Ra2 43. h4 Kf6 44. h5 Ra1+ 45. Ke2 Ra2+
46. Kf1 Ra1+ 47. Kf2 Ra2+ 48. Kg1 Ra1+ 49. Kh2 Rd1 50. Kh3 Rd5 51. Kh4 Rd4+ 52.
Rg4 Rd1 53. Rg6+ Kf7 54. Rg3 Rd4+ 55. Kg5 Rd5+ 56. Kh6 e5 57. Rf3+ Ke6 58. g4
e4 59. Rf8 Re5 60. g5 e3 61. Rf1 e2 62. Re1 Kf7 1/2-1/2

[Event "Wch Seniors 23rd 2013"]
[Site "Rijeka"]
[Date "2013.11.15"]
[Round "4.72"]
[White "Masich, Vladimir"]
[Black "Chubar, Vladimir"]
[Result "1-0"]
[WhiteElo "1931"]
[BlackElo "2071"]
[PlyCount "93"]
[EventDate "2013.11.12"]

1. e4 g6 2. d4 Bg7 3. Nf3 d6 4. Nc3 c6 5. a4 Nf6 6. Be2 O-O 7. O-O a5 8. h3 Na6
9. Be3 h6 10. Qd2 Kh7 11. Rad1 Nb4 12. Ne1 d5 13. e5 Ne4 14. Nxe4 dxe4 15. f3
exf3 16. Bxf3 Be6 17. Be4 Bd5 18. Bxd5 Nxd5 19. Bf2 b5 20. axb5 cxb5 21. Nd3 b4
22. c4 bxc3 23. bxc3 Rc8 24. Nc5 e6 25. Ra1 Qc7 26. Rfb1 Rb8 27. Rxb8 Qxb8 28.
Nd7 Qc7 29. Nxf8+ Bxf8 30. Be1 h5 31. Qd3 Nf4 32. Qf3 Bh6 33. Rb1 Nd5 34. Kh1
Kg7 35. Qd3 a4 36. Ra1 Qc6 37. Qf3 Qb5 38. Bg3 Be3 39. Rf1 f5 40. exf6+ Kf7 41.
Bd6 Qc6 42. Bc5 Qb5 43. Re1 Bf4 44. Qe4 Qa6 45. c4 Bg3 46. cxd5 Bxe1 47. Qxe1
1-0

[Event "Wch Seniors 23rd 2013"]
[Site "Rijeka"]
[Date "2013.11.15"]
[Round "4.73"]
[White "Lim, Kian Hwa"]
[Black "Baeta, Marcio Netto"]
[Result "0-1"]
[WhiteElo "1883"]
[BlackElo "2068"]
[PlyCount "52"]
[EventDate "2013.11.12"]

1. e4 Nf6 2. Nc3 d5 3. exd5 Nxd5 4. d4 g6 5. Nf3 Bg7 6. Nxd5 Qxd5 7. Be3 Nc6 8.
c3 Bg4 9. Be2 O-O 10. Qd2 Rfe8 11. Bh6 e5 12. Bxg7 Kxg7 13. Qg5 Bxf3 14. gxf3
h6 15. Qg3 exd4 16. c4 Qxc4 17. O-O Qxe2 18. Qxc7 Qxf3 19. Qg3 Qh5 20. Rae1 Ne5
21. Kg2 Rac8 22. f4 Ng4 23. Rxe8 Rxe8 24. Kh1 Re7 25. h3 Ne3 26. Rg1 Qd5+ 0-1

[Event "Wch Seniors 23rd 2013"]
[Site "Rijeka"]
[Date "2013.11.15"]
[Round "4.76"]
[White "Koryabkin, Valery"]
[Black "Zybura, Andre"]
[Result "1-0"]
[WhiteElo "2057"]
[BlackElo "1990"]
[PlyCount "71"]
[EventDate "2013.11.12"]

1. d4 Nf6 2. Nf3 e6 3. c4 c5 4. e3 d5 5. Nc3 Nc6 6. Be2 cxd4 7. exd4 Be7 8. O-O
O-O 9. b3 Ne4 10. Bb2 Nxc3 11. Bxc3 Bf6 12. Qd2 b6 13. Rfe1 Bb7 14. h3 Rc8 15.
Rac1 Qd6 16. Qb2 Rfd8 17. Rcd1 dxc4 18. bxc4 Ba8 19. Bd3 Ne7 20. Qe2 Ng6 21. g3
Qc6 22. Kg2 Rc7 23. h4 Ne7 24. Bb2 Rcd7 25. d5 exd5 26. cxd5 Qd6 27. Bb5 Rc7
28. Bc6 Bxb2 29. Bxa8 Rxa8 30. Qxb2 Nxd5 31. Qd4 Rd8 32. Re5 Rcd7 33. Rd2 h6
34. Qa4 a5 35. Qb5 Qb4 36. Rdxd5 1-0

[Event "Wch Seniors 23rd 2013"]
[Site "Rijeka"]
[Date "2013.11.15"]
[Round "4.77"]
[White "Benson, Lachlan"]
[Black "Waisberg, Arnold"]
[Result "1/2-1/2"]
[WhiteElo "2039"]
[BlackElo "1971"]
[PlyCount "132"]
[EventDate "2013.11.12"]

1. e4 e5 2. Nf3 Nc6 3. Bc4 Nf6 4. d3 Bc5 5. c3 d6 6. Bb3 Bg4 7. O-O Qd7 8. Qe2
O-O 9. Be3 Bb6 10. Nbd2 Rae8 11. Rfe1 d5 12. Bxb6 axb6 13. Nf1 d4 14. c4 Nh5
15. Bd1 Nf4 16. Qd2 Qd6 17. a3 Qf6 18. Ng3 h5 19. h3 Bxf3 20. Bxf3 h4 21. Nh5
Qg5 22. Nxf4 exf4 23. Kh2 Ne5 24. Be2 Re6 25. Rg1 Rg6 26. Rad1 Qf6 27. Bf3 c5
28. b4 Ra8 29. bxc5 bxc5 30. Ra1 Qg5 31. Qe2 Rga6 32. Rgd1 Rxa3 33. Rab1 Qe7
34. Qd2 g5 35. Be2 Qc7 36. f3 Ra2 37. Rb2 Qa5 38. Qc2 b6 39. Bf1 Ra6 40. Rd2
Ra1 41. Rd1 Rxd1 42. Qxd1 Qa1 43. Rb1 Qa2 44. Kg1 Kg7 45. Qc1 Nc6 46. Rb2 Qa3
47. Qb1 Nb4 48. Rb3 Qa1 49. Rxb4 cxb4 50. Qxb4 Qa5 51. Qe7 Qc5 52. Qe8 Ra7 53.
Qb8 Rc7 54. Qa8 b5 55. cxb5 Qxb5 56. Qd8 Qc5 57. Qa8 Ra7 58. Qd8 Rc7 59. Kh2
Qe5 60. Kg1 Rc1 61. Qb6 Qc5 62. Qd8 Re1 63. Qb8 Qc1 64. Qe5+ f6 65. Qe7+ Kg6
66. Qe8+ Kg7 1/2-1/2

[Event "Wch Seniors 23rd 2013"]
[Site "Rijeka"]
[Date "2013.11.15"]
[Round "4.78"]
[White "Doubleday, William G"]
[Black "Bornand, Herbert"]
[Result "0-1"]
[WhiteElo "2037"]
[BlackElo "1966"]
[PlyCount "98"]
[EventDate "2013.11.12"]

1. d4 d5 2. c4 e6 3. Nc3 c6 4. e3 Nd7 5. Bd3 dxc4 6. Bxc4 Ngf6 7. a4 Bd6 8. Nf3
O-O 9. O-O Qe7 10. e4 e5 11. Bg5 Nb6 12. Be2 Bg4 13. Nxe5 Bxe2 14. Qxe2 Bxe5
15. dxe5 Qxe5 16. f4 Qc5+ 17. Kh1 Nfd7 18. a5 Nc4 19. e5 b5 20. Rfd1 Ndxe5 21.
fxe5 f6 22. Bxf6 gxf6 23. Qg4+ Kh8 24. Rd7 Rg8 25. Qh4 Rg7 26. Qxf6 Qxe5 27.
Qxg7+ Qxg7 28. Rxg7 Kxg7 29. b3 Nd2 30. b4 Rd8 31. h3 Rd3 32. Rd1 Kf6 33. Kg1
Ke5 34. Kf2 Ne4+ 35. Nxe4 Rxd1 36. Nc5 Kd4 37. g4 Rb1 38. Na6 Rb3 39. Kg2 Kd5
40. h4 Rc3 41. g5 Ke5 42. h5 Kf5 43. g6 hxg6 44. hxg6 Kxg6 45. Kf2 Kf5 46. Ke2
Ke5 47. Kd2 Rh3 48. Nc5 Kd5 49. Na6 Kc4 0-1

[Event "Wch Seniors 23rd 2013"]
[Site "Rijeka"]
[Date "2013.11.15"]
[Round "4.79"]
[White "Catania, Duane"]
[Black "Tavcar, Rado"]
[Result "1-0"]
[WhiteElo "2029"]
[BlackElo "1956"]
[PlyCount "157"]
[EventDate "2013.11.12"]

1. e4 c5 2. Nf3 e6 3. Nc3 Nc6 4. Bb5 Qc7 5. Bxc6 bxc6 6. O-O Nf6 7. d3 Be7 8.
Re1 e5 9. Ne2 d6 10. Ng3 O-O 11. c3 Re8 12. h3 Be6 13. Nf5 Bxf5 14. exf5 Bf8
15. Bg5 Nd5 16. c4 Ne7 17. f6 Ng6 18. h4 Rab8 19. fxg7 Bxg7 20. h5 Nf4 21. h6
Bh8 22. Nd2 f5 23. Bxf4 exf4 24. Qh5 Qf7 25. Qg5+ Qg6 26. Qxf4 Bxb2 27. Rxe8+
Rxe8 28. Rb1 Be5 29. Qh4 Bf6 30. Qh3 Bg5 31. Nf3 Bxh6 32. Nh4 Qg4 33. Nxf5 Qxh3
34. gxh3 Bf4 35. Rb7 Re1+ 36. Kg2 Rd1 37. Kf3 Be5 38. Ke2 Rc1 39. Rxa7 Rc2+ 40.
Ke3 Bd4+ 41. Nxd4 cxd4+ 42. Kxd4 Rxf2 43. Rd7 c5+ 44. Ke3 Rh2 45. Rxd6 Rxh3+
46. Ke4 h5 47. Rd5 Rh4+ 48. Kf5 Rh2 49. Kg6 Kf8 50. Rxc5 h4 51. a4 h3 52. Rh5
Ke7 53. a5 Kd6 54. Kf5 Rf2+ 55. Kg4 h2 56. a6 Rd2 57. a7 Ra2 58. Rxh2 Rxa7 59.
Rh5 Ra3 60. d4 Rd3 61. Rd5+ Kc6 62. Kf4 Rh3 63. Rg5 Rh4+ 64. Ke5 Rh6 65. Rf5
Kd7 66. c5 Re6+ 67. Kd5 Re7 68. Rf6 Kc7 69. Rd6 Rh7 70. Ke4 Rh1 71. Rf6 Rh7 72.
d5 Rh8 73. Rf7+ Kd8 74. Ke5 Ke8 75. Rb7 Rh5+ 76. Kd4 Rh4+ 77. Kd3 Rh3+ 78. Kc4
Rh4+ 79. Kb5 1-0

[Event "Wch Seniors 23rd 2013"]
[Site "Rijeka"]
[Date "2013.11.15"]
[Round "4.80"]
[White "Norman, Dinah M"]
[Black "Krstic, Slobodan"]
[Result "1-0"]
[WhiteElo "1800"]
[BlackElo "2027"]
[PlyCount "97"]
[EventDate "2013.11.12"]

1. d4 Nf6 2. Nf3 g6 3. Bf4 Bg7 4. e3 O-O 5. h3 c5 6. c3 b6 7. Be2 d6 8. O-O
Nbd7 9. Nbd2 Bb7 10. a4 a6 11. Qc2 Rc8 12. Rfd1 Re8 13. Bh2 e5 14. dxe5 dxe5
15. e4 Qe7 16. Bf1 h6 17. Re1 Nh5 18. Rad1 Rc6 19. Nc4 b5 20. axb5 axb5 21. Na5
Rb6 22. Nxb7 Rxb7 23. b3 Nf4 24. Ra1 Qf6 25. Be2 Qb6 26. Bf1 g5 27. Ra2 Ne6 28.
Rea1 Nc7 29. Bg3 Nb8 30. Rd1 f6 31. Ne1 Bf8 32. Be2 Ne6 33. Bh5 Rd8 34. Rxd8
Qxd8 35. Bg4 Kf7 36. Bxe6+ Kxe6 37. Ra1 Rd7 38. Qe2 Kf7 39. Qxb5 Qc7 40. Qc4+
Kg6 41. f3 Kg7 42. Bf2 Qd6 43. Nc2 Qd2 44. Ne3 Qb2 45. Nf5+ Kh8 46. Rf1 Rb7 47.
Bxc5 Bxc5+ 48. Qxc5 Qxb3 49. Qf8+ 1-0

[Event "Wch Seniors 23rd 2013"]
[Site "Rijeka"]
[Date "2013.11.15"]
[Round "4.81"]
[White "Spika, Ivica"]
[Black "Sevenyuk, Alexey"]
[Result "1/2-1/2"]
[WhiteElo "2018"]
[BlackElo "1886"]
[PlyCount "114"]
[EventDate "2013.11.12"]

1. d4 d5 2. c4 c6 3. cxd5 cxd5 4. Nc3 Nc6 5. e3 e6 6. Bd3 Nf6 7. Nge2 a6 8. O-O
Be7 9. Bd2 O-O 10. Rc1 e5 11. dxe5 Nxe5 12. Bb1 g6 13. Nd4 Nc6 14. Nxc6 bxc6
15. Ne2 Qd6 16. Ng3 Bb7 17. Bc3 c5 18. f3 h5 19. Re1 h4 20. Nf1 Nh5 21. Qd2
Rad8 22. Red1 Bf6 23. Bxf6 Qxf6 24. Rxc5 h3 25. Qd4 hxg2 26. Kxg2 Qe6 27. Ng3
Nf6 28. Ne2 Rfe8 29. Rc3 Ne4 30. Rb3 Ng5 31. Nf4 Qe7 32. Kf2 Ne4+ 33. Ke2 a5
34. Rg1 Qh4 35. Rg2 Ba6+ 36. Bd3 Bxd3+ 37. Rxd3 Nd6 38. Nxd5 Qxd4 39. Rxd4 Kg7
40. e4 f5 41. Nc3 Nxe4 42. Rxd8 Nxc3+ 43. Kd3 Rxd8+ 44. Kxc3 Kf6 45. f4 Re8 46.
Kd3 Re4 47. Rf2 g5 48. fxg5+ Kxg5 49. b3 a4 50. bxa4 Rxa4 51. Kc3 f4 52. Kb3
Re4 53. a4 Re3+ 54. Kb4 f3 55. a5 Kf4 56. Rf1 Re2 57. h4 Rh2 1/2-1/2

[Event "Wch Seniors 23rd 2013"]
[Site "Rijeka"]
[Date "2013.11.15"]
[Round "4.82"]
[White "Schwertel, Johann"]
[Black "Kayaman, Metin"]
[Result "0-1"]
[WhiteElo "2016"]
[BlackElo "1865"]
[PlyCount "96"]
[EventDate "2013.11.12"]

1. d4 Nf6 2. Nf3 e6 3. Bg5 h6 4. Bh4 d5 5. Nbd2 Nbd7 6. e3 c5 7. c3 Bd6 8. Be2
b6 9. e4 dxe4 10. Nxe4 Be7 11. Bxf6 gxf6 12. dxc5 Nxc5 13. Qxd8+ Kxd8 14.
O-O-O+ Kc7 15. Nxc5 Bxc5 16. Nd4 Bb7 17. Nb5+ Kc8 18. f3 Rg8 19. g3 Bd5 20. c4
Bb7 21. a3 a6 22. Nd6+ Bxd6 23. Rxd6 Kc7 24. Rhd1 Bd5 25. Rxb6 Kxb6 26. cxd5
Rac8+ 27. Kb1 Rgd8 28. dxe6 Rxd1+ 29. Bxd1 fxe6 30. f4 e5 31. fxe5 fxe5 32. Bc2
Kc5 33. Kc1 Kd4 34. Kd2 e4 35. Bd1 a5 36. g4 e3+ 37. Ke1 Rc1 38. Ke2 Rb1 39. b4
axb4 40. axb4 Rxb4 41. h4 Rb2+ 42. Kf3 Rf2+ 43. Kg3 e2 44. Bxe2 Rxe2 45. g5
hxg5 46. hxg5 Ke5 47. Kg4 Rg2+ 48. Kh5 Kf5 0-1

[Event "Wch Seniors 23rd 2013"]
[Site "Rijeka"]
[Date "2013.11.15"]
[Round "4.84"]
[White "Nilsson, Weine"]
[Black "Pressl, Harald"]
[Result "1-0"]
[WhiteElo "2003"]
[BlackElo "1802"]
[PlyCount "105"]
[EventDate "2013.11.12"]

1. c4 e5 2. Nc3 Nf6 3. g3 Nc6 4. Bg2 Be7 5. Nf3 d6 6. O-O Bf5 7. d4 exd4 8.
Nxd4 Nxd4 9. Qxd4 c6 10. e4 Be6 11. Bf4 Nh5 12. Be3 O-O 13. f4 f5 14. Rfd1 Qc7
15. Rac1 Rad8 16. exf5 c5 17. Qe4 Bxf5 18. Qxb7 Qxb7 19. Bxb7 Nf6 20. Nd5 Rf7
21. Nxf6+ Rxf6 22. Rd2 Rb8 23. Bf3 Kf8 24. Kf2 Be6 25. b3 Rb6 26. g4 g6 27. Kg3
a5 28. Rh1 a4 29. Bd1 axb3 30. axb3 Ra6 31. h4 Bd7 32. h5 Re6 33. hxg6 hxg6 34.
Bf2 Bc6 35. Re1 Rxe1 36. Bxe1 Ra8 37. Bf3 Bxf3 38. Kxf3 Ra3 39. Rd3 Kf7 40. Ke4
Ra1 41. Bg3 Ke6 42. f5+ gxf5+ 43. gxf5+ Kd7 44. f6 Bf8 45. Kf5 Rf1+ 46. Kg6 Rh1
47. Kf7 Rh8 48. Bf4 Rh4 49. Bg3 Rh8 50. Bf2 Kc6 51. Ke6 Rh2 52. Bg3 Re2+ 53.
Kf7 1-0

[Event "Wch Seniors 23rd 2013"]
[Site "Rijeka"]
[Date "2013.11.15"]
[Round "4.85"]
[White "Keze, Arnis"]
[Black "Karabut, Vladimir"]
[Result "1/2-1/2"]
[WhiteElo "1735"]
[BlackElo "2044"]
[PlyCount "126"]
[EventDate "2013.11.12"]

1. d4 d5 2. c4 c6 3. Nc3 e6 4. cxd5 cxd5 5. Nf3 f5 6. Bf4 Nc6 7. e3 a6 8. Ne5
Nf6 9. Be2 Be7 10. Bh5+ g6 11. Bf3 Nxe5 12. dxe5 Ne4 13. Be2 Qa5 14. Qb3 b5 15.
O-O Nd2 16. Qc2 Nxf1 17. Rxf1 Bb7 18. g4 Rg8 19. g5 Rc8 20. Qb3 Kf7 21. Bf3
Rgd8 22. Rd1 Rc5 23. h4 Ba8 24. h5 Qc7 25. Kg2 Rc4 26. a3 Bb7 27. Rd4 Rd7 28.
Be2 Rc5 29. Qd1 Qd8 30. hxg6+ hxg6 31. Qh1 Qg8 32. f3 Rc8 33. e4 Bc5 34. Rd2 d4
35. exf5 exf5 36. b4 Bb6 37. Bd1 Rxc3 38. e6+ Kxe6 39. Qe1+ Re3 40. Bxe3 dxe3
41. Bb3+ Bd5 42. Bxd5+ Rxd5 43. Rc2 Qd8 44. Qc3 Rd2+ 45. Kf1 Rxc2 46. Qxc2 Qd5
47. Qc8+ Ke5 48. Qb8+ Qd6 49. f4+ Kd5 50. Qb7+ Qc6 51. Qe7 Qc4+ 52. Kg1 e2+ 53.
Kh2 Qxf4+ 54. Kh3 Qf3+ 55. Kh2 Qf2+ 56. Kh3 Qf1+ 57. Kh2 Qg1+ 58. Kh3 Qe3+ 59.
Qxe3 Bxe3 60. a4 e1=Q 61. axb5 axb5 62. Kg2 Qf2+ 63. Kh3 Ke4 1/2-1/2

[Event "Wch Seniors 23rd 2013"]
[Site "Rijeka"]
[Date "2013.11.15"]
[Round "4.86"]
[White "Andreas, Guenter"]
[Black "Bianco Diaz, Rogelio Jose"]
[Result "1-0"]
[WhiteElo "1990"]
[BlackElo "1891"]
[PlyCount "66"]
[EventDate "2013.11.12"]

1. e4 c5 2. Nf3 b6 3. d4 cxd4 4. Nxd4 Bb7 5. Bd3 e6 6. O-O Nf6 7. e5 Nd5 8. a3
Nc6 9. Nf3 d6 10. c4 Nc7 11. exd6 Bxd6 12. Qe2 O-O 13. Nc3 Be7 14. Rd1 Qc8 15.
b4 Bf6 16. Bb2 Ne7 17. Ne4 Bxb2 18. Qxb2 Ne8 19. Rac1 Ng6 20. c5 bxc5 21. bxc5
Nf4 22. Bb1 Ba6 23. Ng3 Nf6 24. Qe5 Ng6 25. Qe1 Qc7 26. Rd6 Bb5 27. Nd4 Rab8
28. Ne4 Nxe4 29. Qxe4 Rfd8 30. Nxb5 Rxb5 31. Qd4 Qb8 32. Bd3 e5 33. Qe3 Rb3 {
Dirty manuscript!} 1-0

[Event "Wch Seniors 23rd 2013"]
[Site "Rijeka"]
[Date "2013.11.15"]
[Round "4.87"]
[White "Alavi, Mir Mahmood"]
[Black "Ramusch, Arnulf"]
[Result "1/2-1/2"]
[WhiteElo "1852"]
[BlackElo "1979"]
[PlyCount "42"]
[EventDate "2013.11.12"]

1. e4 e6 2. Qe2 c5 3. Nc3 Nc6 4. Nf3 d6 5. d3 Nf6 6. Bg5 h6 7. Be3 e5 8. h3 Be6
9. O-O-O a6 10. Nd2 b5 11. Kb1 Nd4 12. Qe1 Be7 13. f4 Nh5 14. f5 Bh4 15. Bf2
Bxf2 16. Qxf2 Bc8 17. Nd5 Nf6 18. Nxf6+ Qxf6 19. c3 Nc6 20. Nf3 c4 21. g4 a5 {
Dirty manuscript!} 1/2-1/2

[Event "Wch Seniors 23rd 2013"]
[Site "Rijeka"]
[Date "2013.11.15"]
[Round "4.88"]
[White "Yakovlev, Yuri S"]
[Black "Borensztajn, David"]
[Result "1-0"]
[WhiteElo "1951"]
[BlackElo "1869"]
[PlyCount "57"]
[EventDate "2013.11.12"]

1. e4 c5 2. Nf3 e6 3. c4 a6 4. Nc3 Qc7 5. Be2 b6 6. O-O Bb7 7. d4 cxd4 8. Nxd4
Nf6 9. f3 Be7 10. Be3 d6 11. Rc1 O-O 12. Qd2 Rd8 13. Rfd1 Nbd7 14. Qe1 Rac8 15.
Qf2 Qb8 16. b3 d5 17. cxd5 exd5 18. Nf5 Ba3 19. Nxd5 Bxc1 20. Nde7+ Kf8 21.
Bxc1 Rxc1 22. Rxc1 g6 23. Qh4 Nh5 24. Ne3 Qf4 25. Nxg6+ hxg6 26. Qxd8+ Kg7 27.
Rc3 Nhf6 28. Qc7 Qxc7 29. Rxc7 1-0

[Event "Wch Seniors 23rd 2013"]
[Site "Rijeka"]
[Date "2013.11.15"]
[Round "4.89"]
[White "Lovejoy, David"]
[Black "Andersson, Finn"]
[Result "1-0"]
[WhiteElo "1943"]
[BlackElo "1846"]
[PlyCount "105"]
[EventDate "2013.11.12"]

1. e4 e6 2. Qe2 c5 3. Nf3 Nc6 4. d3 Nge7 5. g3 d5 6. Bg2 d4 7. O-O g6 8. Nbd2
Bg7 9. a4 e5 10. Nc4 O-O 11. Bd2 h6 12. Ne1 Be6 13. f4 exf4 14. gxf4 Qd7 15.
Kh1 Rae8 16. Qf2 f5 17. e5 Nc8 18. Rg1 Kh7 19. Nf3 Rg8 20. Qh4 Qe7 21. Qh3 Kh8
22. Rae1 Bf8 23. Nh4 Qh7 24. Bf3 Be7 25. Rg3 Rg7 26. Reg1 Reg8 27. Ng2 Nd8 28.
Ne1 g5 29. Qg2 g4 30. Bd5 Bh4 31. Bxe6 Nxe6 32. Qd5 Re7 33. R3g2 Nb6 34. Nxb6
axb6 35. Qd6 Rg6 36. Qb8+ Rg8 37. Qa7 Rg6 38. Re2 Reg7 39. Ng2 Bd8 40. Be1 Rg8
41. Rf1 Qf7 42. Bh4 Bxh4 43. Nxh4 R6g7 44. Qxb6 g3 45. hxg3 Rxg3 46. Qa5 Qg7
47. Qe1 Nxf4 48. Rh2 b6 49. Nxf5 Qb7+ 50. Qe4 Qxe4+ 51. dxe4 h5 52. Nxg3 Rxg3
53. Rxf4 1-0

[Event "Wch Seniors 23rd 2013"]
[Site "Rijeka"]
[Date "2013.11.15"]
[Round "4.90"]
[White "Hernandez M., E. Gustavo"]
[Black "Zilbershtein, Victor"]
[Result "1/2-1/2"]
[WhiteElo "1933"]
[BlackElo "1780"]
[PlyCount "26"]
[EventDate "2013.11.12"]

1. c4 e5 2. Nc3 Nf6 3. g3 Nc6 4. Bg2 Bb4 5. e3 O-O 6. Nge2 Re8 7. a3 Bf8 8. O-O
d6 9. h4 e4 10. d3 exd3 11. Qxd3 Ne5 12. Qc2 c6 13. Nd1 Be6 {Dirty manuscript!}
1/2-1/2